Städte im Ruhrgebiet - Sudden Death - Statistiken

Allgemein
  • Dieses Quiz wurde 1.026 mal gespielt
  • Das Durchschnittsergebnis liegt bei 10 aus 19
Answers on the Grid
Answers color-coded by a green-red scale on the quiz's grid according to % correct below.
Aachen
Bochum
Bottrop
Brühl
Castrop-Rauxel
Dinslaken
Dorsten
Dortmund
Duisburg
Düsseldorf
Essen
Gelsenkirchen
Gladbeck
Gummersbach
Hamm
Herne
Kleve
Krefeld
Marl
Mettmann
Moers
Mülheim
Münster
Oberhausen
Paderborn
Ratingen
Recklinghausen
Remscheid
Unna
Velbert
Witten
Wuppertal
 
Antwortstatistiken
Antwort % Korrekt
Bochum
91%
Dortmund
82%
Duisburg
77%
Essen
75%
Gelsenkirchen
74%
Bottrop
73%
Castrop-Rauxel
63%
Herne
58%
Oberhausen
51%
Mülheim
46%
Recklinghausen
45%
Gladbeck
40%
Dorsten
39%
Hamm
38%
Marl
33%
Unna
32%
Dinslaken
31%
Witten
30%
Moers
28%
Keine übereinstimmenden Quizze gefunden
Verteilung der Resultate
Anzahl Personen mit jedem Resultat
Perzentil nach korrekt beantworteten Fragen
Ihre Resultats-Entwicklung
Sie haben dieses Quiz noch nicht gespielt